000 01012nam a2200301 i 4500
003 DO-SdBNP
005 20260313143206.0
007 ta
008 211103b2009 dr ||||| |||| 00| 0 eng d
020 _a9789993458685
040 _aDO-SdBNP
_bspa
_cBNPHU
_erda
041 _aspa
082 4 _aRD863.44
_bB443d
_222
100 1 _aBelliard, María Rosa,
_d1945-
_eautor
_4aut.
_979704
245 1 3 _aEl delirio de vivir dos veces :
_brelatos /
_cMaría Rosa Belliard Betances ; exordio, Cándido Gerón
264 1 _aSanto Domingo :
_bCentenario,
_c2009.
300 _a97 páginas ;
_c21 cm.
336 _atexto
_btxt
_2rdacontent
337 _asin mediación
_bn
_2rdamedia
338 _avolumen
_bnc
_2rdacarrier
500 _aIncluye datos biográficos del autor en las solapas
590 _aInventariado, 2021/BT
650 4 _aCuentos dominicanos
650 4 _aLiteratura dominicana
700 1 _aGerón, Cándido,
_eexordio
_979705
910 _aBtavárez/Valdado. Control de calidad MFF
942 _2ddc
_cLBS1
999 _c50862
_d50862